Geology and artesian water supply, Grand Junction area, Colorado.

Bibliographic Details
Main Author: Lohman, S. W. (Stanley William), 1907-1992
Corporate Author: Colorado Water Conservation Board
Format: Government Document Book
Language:English
Published: Washington : U.S. Govt. Print. Off, 1965.
Series:Professional paper (Geological Survey (U.S.)) ; 451.
Subjects:

MARC

Tag First Indicator Second Indicator Subfields
LEADER 00000cam a22000001 4500
001 in00002783907
005 20210515063536.0
008 780209s1965 dcuab b f000 0 eng
010 |a gs 65000289  
035 |a (OCoLC)ocm03621601 
035 |a (OCoLC)3621601 
040 |a DLC  |c CSU  |d DLC  |d OCLCQ  |d BTCTA  |d OCLCG  |d OCLCQ  |d NRU  |d UtOrBLW 
043 |a n-us-co 
049 |a TXAM 
050 0 0 |a QE75  |b .P9 no. 451 
082 0 4 |a 557.3  |b U58p no. 451 
086 0 |a I 19.16:451 
100 1 |a Lohman, S. W.  |q (Stanley William),  |d 1907-1992. 
245 1 0 |a Geology and artesian water supply, Grand Junction area, Colorado. 
264 1 |a Washington :  |b U.S. Govt. Print. Off,  |c 1965. 
300 |a 149 pages :  |b illustrations, maps (1 color) ;  |c 29 cm. 
336 |a text  |b txt  |2 rdacontent 
337 |a unmediated  |b n  |2 rdamedia 
338 |a volume  |b nc  |2 rdacarrier 
490 1 |a Geological Survey (U.S.). Professional paper ;  |v 451 
500 |a Part of illustrative matter fold. in pocket. 
500 |a Prepared in cooperation with the Colorado Water Conservation Board. 
504 |a Bibliography: pages 142-146. 
650 0 |a Geology  |z Colorado  |z Mesa County. 
650 0 |a Water-supply  |z Colorado  |z Mesa County. 
650 0 |a Artesian wells  |z Colorado  |z Mesa County. 
650 0 |a Borings  |z Colorado  |z Mesa County. 
710 2 |a Colorado Water Conservation Board. 
740 0 |a Grand Junction area, Colorado. 
830 0 |a Professional paper (Geological Survey (U.S.)) ;  |v 451. 
948 |a cataloged  |b h  |c 2012/12/13  |d c  |e mvaldespin  |f 12:25:23 pm 
994 |a C0  |b TXA 
999 |a MARS 
999 f f |s 627e3b04-33c5-3e07-8a40-69f745742f98  |i 056a9792-0af1-3968-a92a-71d3ded2f619  |t 0 
952 f f |p normal  |a Texas A&M University  |b College Station  |c Sterling C. Evans Library  |d Evans: US Documents (Annex 5th floor)  |t 0  |e I 19.16:451  |h Superintendent of Documents classification  |i unmediated -- volume  |m A14839363084 
998 f f |a I 19.16:451  |t 0  |l Evans: US Documents (Annex 5th floor)